000 01313cam a22003737a 4500
003 CHAP
005 20220329141909.0
008 980504d1998 mx r 00110 spa d
010 _a75442
011 _a76414
035 _a85999
040 _cCHAP
090 _aTesis
100 0 0 _aQuiñónez Pando, Guadalupe.
_993480
245 1 0 _aInclusión de pollo muerto de desecho en la finalización de cerdos
_c/por Guadalupe Quiñónez Pando
260 _aChapingo, Méx. :
_bEl autor,
_c1998.
300 _a30 h. :
_bcuadros
502 _aTesis (Ing. Agr. Zootecnista) -- UACH. Departamento de Zootecnia
590 _aALEPH
_b10
_c20130110
_lUCH01
_h1424
590 _aBATCH-UPD
_b10
_c20130110
_lUCH01
_h0448
590 _aBATCH-UPD
_b10
_c20130110
_lUCH01
_h2352
590 _aBATCH-UPD
_b10
_c20130410
_lUCH01
_h0125
590 _aBATCH-UPD
_b10
_c20130410
_lUCH01
_h1639
590 _aBATCH-UPD
_b10
_c20130914
_lUCH01
_h0849
590 _aCONVERSION
_b10
_c20130109
_lUCH01
_h1341
650 1 4 _aCarne de pollo
_xSubproductos.
_919171
650 1 4 _aGanado porcino
_xAlimentación.
_945329
650 1 4 _aGanado porcino
_xPeso.
_945396
901 _aBK
905 _aLilia Sánchez G.
942 _cFOLL
949 _bBC
_cTES
_d33724000588752
_eTS2
_fc.2
_h32573
_i85999
_sb
949 _bBC
_cTES
_d859991
_eTS1
_h32572
_i85999
_sb
999 _c75442
_d75442